[Event "37. Open Barberá del Vallés 2014"]
[Site "Barberá del Vallés ESP"]
[Date "2014.07.08"]
[Round "5.11"]
[White "Mascaro March, Pedro"]
[Black "Diaz Camallonga, Carles"]
[Result "1/2-1/2"]
[WhiteElo "2417"]
[BlackElo "2235"]
[PlyCount "75"]
[EventDate "2014.07.04"]
[EventType "swiss"]
[EventRounds "9"]
[EventCountry "ESP"]
[Source "lmi"]
[SourceDate "2014.07.04"]

1. d4 Nf6 2. Nf3 e6 3. c4 Bb4+ 4. Nbd2 b6 5. a3 Bxd2+ 6. Bxd2 Bb7 7. Bg5 d6 8.
e3 Nbd7 9. Bd3 h6 10. Bh4 O-O 11. O-O Qe7 12. Nd2 d5 13. cxd5 exd5 14. b4 c6
15. Qb3 Qe6 16. a4 a5 17. bxa5 Rxa5 18. Qb1 c5 19. Nb3 Raa8 20. dxc5 bxc5 21.
Bxf6 Qxf6 22. Bh7+ Kh8 23. Bf5 Ne5 24. Nxc5 Bc6 25. Bh3 Nc4 26. Qd3 Qe7 27. Qd4
Ra5 28. Nd3 Rfa8 29. Nf4 Qe5 30. Rfd1 Qxd4 31. Rxd4 Rxa4 32. Rxa4 Rxa4 33. g3
Ra1+ 34. Kg2 Ra2 35. Kg1 Ne5 36. Kg2 Nc4 37. Kg1 Ne5 38. Kg2 1/2-1/2

[Event "37. Open Barberá del Vallés 2014"]
[Site "Barberá del Vallés ESP"]
[Date "2014.07.08"]
[Round "5.12"]
[White "Bergez, Luc"]
[Black "Gurevich, Daniel"]
[Result "1/2-1/2"]
[WhiteElo "2368"]
[BlackElo "2317"]
[PlyCount "100"]
[EventDate "2014.07.04"]
[EventType "swiss"]
[EventRounds "9"]
[EventCountry "ESP"]
[Source "lmi"]
[SourceDate "2014.07.04"]

1. e4 c5 2. Nf3 Nc6 3. d4 cxd4 4. Nxd4 g6 5. Nc3 Bg7 6. Be3 Nf6 7. Bc4 O-O 8.
Bb3 d5 9. exd5 Na5 10. Nf3 b6 11. Qd2 Bb7 12. O-O-O Rc8 13. Bd4 Qd7 14. Rhe1
Nxb3+ 15. axb3 Rfd8 16. Qe2 Nxd5 17. Bxg7 Kxg7 18. Nxd5 Bxd5 19. Qxe7 Qxe7 20.
Rxe7 Bxf3 21. gxf3 Re8 22. Re4 Red8 23. b4 Rxd1+ 24. Kxd1 b5 25. Kd2 Kf6 26. b3
Rb8 27. Kd3 h5 28. Ke3 Rb7 29. f4 Kf5 30. h3 f6 31. Rd4 Ke6 32. Ke4 f5+ 33. Kd3
Rb6 34. h4 Ra6 35. c4 Ra3 36. Kc2 Ra2+ 37. Kc3 Rxf2 38. c5 Rf1 39. Rd6+ Ke7 40.
Rxg6 Rxf4 41. Rg5 Rxh4 42. Rxf5 a6 43. Rd5 Rh3+ 44. Rd3 Rh1 45. Rd6 h4 46. Rxa6
h3 47. Rh6 Kd7 48. Rd6+ Kc7 49. Rh6 Kd7 50. Kb2 Kc7 1/2-1/2

[Event "37. Open Barberá del Vallés 2014"]
[Site "Barberá del Vallés ESP"]
[Date "2014.07.08"]
[Round "5.13"]
[White "Vehi Bach, Victor Manuel"]
[Black "Hernando Rodrigo, Julio Antoni"]
[Result "0-1"]
[WhiteElo "2313"]
[BlackElo "2332"]
[PlyCount "44"]
[EventDate "2014.07.04"]
[EventType "swiss"]
[EventRounds "9"]
[EventCountry "ESP"]
[Source "lmi"]
[SourceDate "2014.07.04"]

1. e4 e6 2. d4 d5 3. Nc3 Bb4 4. e5 c5 5. a3 Bxc3+ 6. bxc3 Ne7 7. Qg4 Qc7 8.
Qxg7 Rg8 9. Qxh7 cxd4 10. Ne2 dxc3 11. f4 Nbc6 12. Qd3 d4 13. h4 Nf5 14. h5 b6
15. Rg1 Bb7 16. g4 Qe7 17. Qh3 Nh4 18. Rh1 Nf3+ 19. Kf2 Nd2 20. Bxd2 cxd2 21.
Rg1 Qc5 22. Qd3 Ba6 0-1

[Event "37. Open Barberá del Vallés 2014"]
[Site "Barberá del Vallés ESP"]
[Date "2014.07.08"]
[Round "5.14"]
[White "Perez Manas, Benjamin"]
[Black "Martinez Ramirez, Erik"]
[Result "0-1"]
[WhiteElo "2290"]
[BlackElo "2324"]
[PlyCount "76"]
[EventDate "2014.07.04"]
[EventType "swiss"]
[EventRounds "9"]
[EventCountry "ESP"]
[Source "lmi"]
[SourceDate "2014.07.04"]

1. e4 c5 2. Nf3 Nc6 3. d4 cxd4 4. Nxd4 Nf6 5. Nc3 d6 6. Bg5 g6 7. Bxf6 exf6 8.
Qd2 Bg7 9. O-O-O O-O 10. Ndb5 f5 11. Bc4 fxe4 12. Nxd6 Bg4 13. Rde1 e3 14. fxe3
Qe7 15. h3 Rad8 16. hxg4 Rxd6 17. Qf2 Na5 18. Bb3 Nxb3+ 19. axb3 Bxc3 20. bxc3
Ra6 21. Qh4 Ra1+ 22. Kd2 Rd8+ 23. Ke2 Rxe1+ 24. Qxe1 Qe4 25. Qg3 Qxc2+ 26. Kf3
Re8 27. Qh3 h5 28. gxh5 Qxc3 29. Ke2 Qc2+ 30. Kf3 Qxb3 31. Re1 Qd5+ 32. Kf2
Qxh5 33. Qd7 Qh4+ 34. Kf1 Re6 35. Re2 Qh1+ 36. Kf2 Rf6+ 37. Kg3 Qh5 38. Rc2
Qe5+ 0-1

[Event "37. Open Barberá del Vallés 2014"]
[Site "Barberá del Vallés ESP"]
[Date "2014.07.08"]
[Round "5.15"]
[White "Gonzalez Perez, Arian"]
[Black "Balague Camps, Marc"]
[Result "1-0"]
[WhiteElo "2494"]
[BlackElo "2082"]
[PlyCount "77"]
[EventDate "2014.07.04"]
[EventType "swiss"]
[EventRounds "9"]
[EventCountry "ESP"]
[Source "lmi"]
[SourceDate "2014.07.04"]

1. e4 c5 2. Nf3 e6 3. d3 g6 4. g3 Bg7 5. Bg2 Ne7 6. O-O d5 7. Qe2 O-O 8. c3
Nbc6 9. e5 h6 10. h4 b6 11. Re1 Kh7 12. Bf4 f5 13. exf6 Rxf6 14. Nbd2 Nf5 15.
Ne5 Nce7 16. Ndf3 Nd6 17. Qd2 Nf7 18. d4 Qf8 19. dxc5 Nxe5 20. Nxe5 bxc5 21. c4
Rb8 22. b3 Rb6 23. Rac1 Nf5 24. Nd3 Bb7 25. Be5 Rf7 26. Bxg7 Rxg7 27. cxd5 Bxd5
28. Nxc5 Bxg2 29. Kxg2 Rd6 30. Qf4 Rf7 31. Nxe6 Nxh4+ 32. Qxh4 Rxf2+ 33. Kg1
Rg2+ 34. Kxg2 Rd2+ 35. Kh3 Qf5+ 36. Qg4 Rh2+ 37. Kxh2 Qxg4 38. Rc7+ Kg8 39. Ng5
1-0

[Event "37. Open Barberá del Vallés 2014"]
[Site "Barberá del Vallés ESP"]
[Date "2014.07.08"]
[Round "5.16"]
[White "Palit, Somak"]
[Black "Capellades Subirana, Marc"]
[Result "1-0"]
[WhiteElo "2411"]
[BlackElo "2211"]
[PlyCount "85"]
[EventDate "2014.07.04"]
[EventType "swiss"]
[EventRounds "9"]
[EventCountry "ESP"]
[Source "lmi"]
[SourceDate "2014.07.04"]

1. e4 e5 2. Nf3 Nc6 3. Bb5 Nf6 4. d3 Bc5 5. O-O d6 6. c3 Bd7 7. Nbd2 O-O 8. b4
Bb6 9. Nc4 a5 10. Nxb6 cxb6 11. bxa5 bxa5 12. a4 d5 13. Bg5 dxe4 14. dxe4 Qe7
15. Bxf6 gxf6 16. Nd2 Kh8 17. Nc4 Rg8 18. Kh1 f5 19. Qd6 Qg5 20. Rg1 Be6 21.
Nxe5 Rad8 22. Qxe6 Nxe5 23. Qxe5+ Rg7 24. Qxf5 Qh6 25. Rad1 Rdg8 26. g3 Rg5 27.
Qf4 Qg6 28. Rd6 Qh5 29. Qf6+ R5g7 30. Rd8 Rxd8 31. Qxd8+ Rg8 32. Qf6+ Rg7 33.
Kg2 h6 34. Qf3 Qe5 35. Rd1 Rg8 36. Rd5 Qe6 37. Qf5 Qb6 38. Rd7 Rg7 39. Rxf7
Rxf7 40. Qxf7 Qc5 41. Bc4 Qg5 42. h4 Qg4 43. Qf6+ 1-0

[Event "37. Open Barberá del Vallés 2014"]
[Site "Barberá del Vallés ESP"]
[Date "2014.07.08"]
[Round "5.17"]
[White "Ruiz C, Joshua D"]
[Black "Hagesather, Ellen"]
[Result "1-0"]
[WhiteElo "2374"]
[BlackElo "2182"]
[PlyCount "149"]
[EventDate "2014.07.04"]
[EventType "swiss"]
[EventRounds "9"]
[EventCountry "ESP"]
[Source "lmi"]
[SourceDate "2014.07.04"]

1. e4 e5 2. Nf3 Nc6 3. d4 exd4 4. Nxd4 Nf6 5. Nxc6 bxc6 6. e5 Qe7 7. Qe2 Nd5 8.
c4 Ba6 9. b3 g5 10. Bb2 Bg7 11. g3 O-O-O 12. Bg2 Rhe8 13. O-O Bxe5 14. Qxe5
Qxe5 15. Bxe5 Rxe5 16. cxd5 Bxf1 17. Kxf1 cxd5 18. Nd2 g4 19. f4 Re3 20. Kf2
Rde8 21. Bf1 Kb7 22. Rc1 c6 23. b4 Ra3 24. Rc2 Kb6 25. Nb3 a6 26. Bd3 h5 27.
Bf5 Re7 28. Nc5 Kc7 29. Nd3 Ra4 30. Nc5 Ra3 31. Nd3 Ra4 32. h3 gxh3 33. Bxh3 d6
34. Bg2 Ra3 35. Rd2 f6 36. Bf3 Rh7 37. Kg2 h4 38. g4 h3+ 39. Kh2 Kb6 40. f5 Re7
41. Bd1 Re4 42. g5 fxg5 43. f6 Rxd3 44. Rxd3 g4 45. Kg3 h2 46. Kxh2 Rf4 47. Kg3
Rxf6 48. Bxg4 Rf7 49. Bf3 Ra7 50. Bd1 a5 51. bxa5+ Rxa5 52. Bb3 Rc5 53. Kf3 Ka5
54. Ke2 Kb6 55. Kd2 Ka5 56. Rh3 Kb4 57. Rh4+ Ka5 58. Rh6 Kb6 59. Rxd6 Ra5 60.
Kc3 Rc5+ 61. Kb2 Ra5 62. Rd8 Kc7 63. Rh8 Kb6 64. a4 c5 65. Rh6+ Kc7 66. Ka3 c4
67. Bc2 Ra8 68. Kb4 Rb8+ 69. Kc5 Rb2 70. Bf5 c3 71. Rh7+ Kb8 72. Kxd5 c2 73.
Rh1 Ra2 74. Bd7 Kc7 75. Bb5 1-0

[Event "37. Open Barberá del Vallés 2014"]
[Site "Barberá del Vallés ESP"]
[Date "2014.07.08"]
[Round "5.18"]
[White "Sardana, Rishi"]
[Black "Iagar, Razvan-Gabriel"]
[Result "1-0"]
[WhiteElo "2363"]
[BlackElo "2168"]
[PlyCount "161"]
[EventDate "2014.07.04"]
[EventType "swiss"]
[EventRounds "9"]
[EventCountry "ESP"]
[Source "lmi"]
[SourceDate "2014.07.04"]

1. e4 e6 2. d4 d5 3. Nd2 c5 4. exd5 Qxd5 5. Ngf3 cxd4 6. Bc4 Qd6 7. O-O Nf6 8.
Nb3 Nc6 9. Nbxd4 Nxd4 10. Nxd4 Bd7 11. c3 Qc7 12. Qe2 Bd6 13. Nb5 Bxb5 14.
Bxb5+ Ke7 15. g3 Rhd8 16. Rd1 Kf8 17. Qf3 Be5 18. Be3 Rd5 19. Bf1 a6 20. c4 Rd7
21. Rxd7 Nxd7 22. Rd1 Rb8 23. b4 b6 24. Qe4 Nf6 25. Qd3 Ke7 26. c5 b5 27. f4
Bb2 28. Qc2 Ng4 29. c6 Nxe3 30. Qc5+ Ke8 31. Rd7 Nf5 32. Rxc7 Bd4+ 33. Qxd4
Nxd4 34. Bg2 Nc2 35. f5 exf5 36. Bd5 Nxb4 37. Bxf7+ Kd8 38. Rd7+ Kc8 39. Be6
Nxc6 40. Rxg7+ Kd8 41. Rd7+ Ke8 42. Rxh7 Rd8 43. Bxf5 Rd1+ 44. Kf2 Kf8 45. Rh6
Ne7 46. Rxa6 Rd2+ 47. Kg1 Nxf5 48. Rf6+ Kg7 49. Rxf5 Rxa2 50. Rxb5 Kg6 51. Rb4
Kg5 52. Rf4 Rb2 53. Rf2 Rb5 54. Kg2 Kh5 55. h4 Ra5 56. Kh3 Ra3 57. Rf5+ Kg6 58.
Rc5 Rb3 59. h5+ Kh6 60. Kh4 Rb4+ 61. g4 Ra4 62. Rc6+ Kg7 63. h6+ Kh7 64. Kh5
Ra5+ 65. g5 Rb5 66. Rc7+ Kg8 67. Rg7+ Kh8 68. Rf7 Kg8 69. Rf4 Ra5 70. Kg6 Ra6+
71. Rf6 Ra8 72. Re6 Rf8 73. Re7 Kh8 74. Rf7 Ra8 75. Rf5 Kg8 76. Kh5 Ra1 77. g6
Ra7 78. Rb5 Ra8 79. h7+ Kg7 80. Rb7+ Kh8 81. Kh6 1-0

[Event "37. Open Barberá del Vallés 2014"]
[Site "Barberá del Vallés ESP"]
[Date "2014.07.08"]
[Round "5.19"]
[White "Sos Andreu, Eric"]
[Black "Raghunandan, Kaumandur Srihari"]
[Result "0-1"]
[WhiteElo "2345"]
[BlackElo "2148"]
[PlyCount "118"]
[EventDate "2014.07.04"]
[EventType "swiss"]
[EventRounds "9"]
[EventCountry "ESP"]
[Source "lmi"]
[SourceDate "2014.07.04"]

1. d4 d5 2. c4 c6 3. Nf3 Nf6 4. e3 Bf5 5. cxd5 cxd5 6. Nc3 e6 7. Ne5 Nfd7 8.
Nd3 Nc6 9. Be2 Bd6 10. O-O O-O 11. f4 h6 12. Bd2 a6 13. Rc1 Rc8 14. Na4 Bxd3
15. Bxd3 Qe7 16. Qf3 b5 17. Nc3 Nb6 18. b3 Ba3 19. Rcd1 Bb4 20. Ne2 Bxd2 21.
Rxd2 Nb4 22. Bb1 Nd7 23. g4 Qh4 24. Kh1 Rc7 25. Rg1 Rfc8 26. Rdd1 Nc2 27. g5
hxg5 28. Rxg5 Nf6 29. Rdg1 g6 30. Re5 Nd7 31. Reg5 Nf6 32. Re5 Ne4 33. Ng3
Nxg3+ 34. Qxg3 Qxg3 35. Rxg3 Na3 36. Bxg6 fxg6 37. Rxg6+ Rg7 38. Rexe6 Rxg6 39.
Rxg6+ Kf7 40. Rxa6 Nc2 41. Kg1 Nxe3 42. Rb6 Rc2 43. a3 Rg2+ 44. Kh1 Rb2 45. h4
Rxb3 46. h5 Kg7 47. Kh2 Nf5 48. Rg6+ Kh7 49. Rg5 Ne3 50. Kg3 Rxa3 51. Kh4 b4
52. Re5 Ng2+ 53. Kg4 Ra7 54. Kf3 b3 55. Re2 Rb7 56. Rb2 Ne1+ 57. Ke2 Nc2 58.
Kd3 Kh6 59. Kc3 Kxh5 0-1

[Event "37. Open Barberá del Vallés 2014"]
[Site "Barberá del Vallés ESP"]
[Date "2014.07.08"]
[Round "5.20"]
[White "Radovanovic, Jovica"]
[Black "Del Amo Carbo, Jordi"]
[Result "1-0"]
[WhiteElo "2330"]
[BlackElo "2112"]
[PlyCount "77"]
[EventDate "2014.07.04"]
[EventType "swiss"]
[EventRounds "9"]
[EventCountry "ESP"]
[Source "lmi"]
[SourceDate "2014.07.04"]

1. Nf3 Nf6 2. d4 e6 3. c4 b6 4. g3 Bb7 5. Bg2 Be7 6. Nc3 d5 7. Ne5 O-O 8. O-O
Nbd7 9. Qa4 Nxe5 10. dxe5 Ne4 11. Nxe4 dxe4 12. Rd1 Qe8 13. Qc2 Rd8 14. Rxd8
Qxd8 15. Be3 Qa8 16. c5 Rd8 17. Rc1 bxc5 18. Bxc5 Bxc5 19. Qxc5 e3 20. f3 Bd5
21. b3 c6 22. Qxe3 a5 23. Qf2 a4 24. e4 Bxb3 25. axb3 axb3 26. Bf1 Qa3 27. Qb6
Rc8 28. Rc3 h5 29. Rxb3 Qa1 30. f4 c5 31. Rd3 c4 32. Qd4 c3 33. Rd1 Qb2 34. Re1
Ra8 35. Re2 Qc1 36. Qe3 Qa1 37. Rc2 Ra3 38. Qc1 Qxc1 39. Rxc1 1-0

[Event "37. Open Barberá del Vallés 2014"]
[Site "Barberá del Vallés ESP"]
[Date "2014.07.08"]
[Round "5.21"]
[White "Leroy, Didier"]
[Black "Coimbra, Margarida"]
[Result "1/2-1/2"]
[WhiteElo "2319"]
[BlackElo "2071"]
[PlyCount "93"]
[EventDate "2014.07.04"]
[EventType "swiss"]
[EventRounds "9"]
[EventCountry "ESP"]
[Source "lmi"]
[SourceDate "2014.07.04"]

1. g3 d5 2. Bg2 c6 3. d3 e5 4. Nf3 Bd6 5. e4 Nf6 6. Nh4 O-O 7. O-O Be6 8. Nc3
dxe4 9. dxe4 Bc5 10. Qe2 Nbd7 11. Nd1 Qc7 12. b3 Rad8 13. Bb2 Bg4 14. Nf3 Rfe8
15. h3 Bxf3 16. Bxf3 Nf8 17. c3 Ne6 18. Bc1 a5 19. a3 b5 20. b4 Bb6 21. h4 Ra8
22. Rb1 Red8 23. Ne3 Rd7 24. Ng4 Nxg4 25. Bxg4 Rd6 26. Rb2 Rad8 27. Rd2 Rxd2
28. Bxd2 Rd6 29. Ra1 Qd8 30. Ra2 h6 31. Kg2 a4 32. Bc1 Ba7 33. Rd2 Rxd2 34.
Qxd2 Qxd2 35. Bxd2 Kf8 36. Bxe6 fxe6 37. h5 Bb6 38. Kf3 Kf7 39. Be3 Bd8 40. Kg4
Kf6 41. Bc5 Bc7 42. f4 Kf7 43. f5 Kf6 44. fxe6 Kxe6 45. Bf8 Kf7 46. Bc5 Ke6 47.
Bf8 1/2-1/2

[Event "37. Open Barberá del Vallés 2014"]
[Site "Barberá del Vallés ESP"]
[Date "2014.07.08"]
[Round "5.22"]
[White "Martinez Alcantara, Jose Eduar"]
[Black "Saez Coma, Alejandro"]
[Result "1-0"]
[WhiteElo "2295"]
[BlackElo "2097"]
[PlyCount "51"]
[EventDate "2014.07.04"]
[EventType "swiss"]
[EventRounds "9"]
[EventCountry "ESP"]
[Source "lmi"]
[SourceDate "2014.07.04"]

1. c4 Nf6 2. g3 e5 3. Bg2 Nc6 4. Nc3 Bc5 5. e3 O-O 6. Nge2 a6 7. O-O h6 8. d4
exd4 9. exd4 Ba7 10. h3 d6 11. Be3 Ne7 12. g4 Ng6 13. g5 Nh7 14. gxh6 Nh4 15.
hxg7 Re8 16. Ng3 Nxg2 17. Kxg2 Qh4 18. Rh1 Nf6 19. Nd5 Nxd5 20. cxd5 Kxg7 21.
Qd3 Rh8 22. Rac1 Bxh3+ 23. Kg1 Qf6 24. Qe4 Rae8 25. Qxe8 Qf3 26. Qe4 1-0

[Event "37. Open Barberá del Vallés 2014"]
[Site "Barberá del Vallés ESP"]
[Date "2014.07.08"]
[Round "5.23"]
[White "Orteu Capdevila, Max"]
[Black "Bas Mas, Jose Joaquin"]
[Result "0-1"]
[WhiteElo "1808"]
[BlackElo "2278"]
[PlyCount "50"]
[EventDate "2014.07.04"]
[EventType "swiss"]
[EventRounds "9"]
[EventCountry "ESP"]
[Source "lmi"]
[SourceDate "2014.07.04"]

1. e4 e6 2. d4 d5 3. Nc3 Nf6 4. Bg5 Be7 5. e5 Nfd7 6. Bxe7 Qxe7 7. Qd2 O-O 8.
f4 c5 9. Nf3 Nc6 10. dxc5 Qxc5 11. a3 f6 12. exf6 Nxf6 13. Bd3 a6 14. O-O-O Ng4
15. Rdf1 b5 16. h3 Ne3 17. Re1 Nc4 18. Qe2 h6 19. Bxc4 bxc4 20. Qe3 Qxe3+ 21.
Rxe3 d4 22. Nxd4 Nxd4 23. Re4 Nb5 24. Rxc4 Nxc3 25. bxc3 Bb7 0-1

[Event "37. Open Barberá del Vallés 2014"]
[Site "Barberá del Vallés ESP"]
[Date "2014.07.08"]
[Round "5.24"]
[White "Jareno Badenas, Aleix"]
[Black "Larsen, Karsten"]
[Result "1/2-1/2"]
[WhiteElo "2064"]
[BlackElo "2265"]
[PlyCount "94"]
[EventDate "2014.07.04"]
[EventType "swiss"]
[EventRounds "9"]
[EventCountry "ESP"]
[Source "lmi"]
[SourceDate "2014.07.04"]

1. e4 c6 2. d4 d5 3. e5 g6 4. Nc3 h5 5. f4 Nh6 6. Nf3 Bg4 7. Be3 e6 8. Be2 Nd7
9. Qd2 Be7 10. O-O-O Nf5 11. Bf2 Nb6 12. Rhf1 Bxf3 13. gxf3 O-O 14. Rg1 Kh7 15.
Bd3 Qd7 16. Ne2 a5 17. Ng3 Rg8 18. Qe1 Rg7 19. Qf1 Rh8 20. Qh3 Kg8 21. Nxf5
exf5 22. Bh4 Bxh4 23. Qxh4 Na8 24. Kd2 Nc7 25. Ke3 Kh7 26. Rg5 Kg8 27. Rg2 Kf8
28. Rdg1 Rhh7 29. Qf6 Ne8 30. Qh4 Qe7 31. Qxe7+ Kxe7 32. c4 dxc4 33. Bxc4 Nc7
34. a4 Rg8 35. Rd2 Rd8 36. Rgd1 Nd5+ 37. Bxd5 Rxd5 38. Rd3 Kd7 39. h4 Rh8 40.
Rc1 Rd8 41. Rc5 Kc7 42. Rxd5 Rxd5 43. Rc3 Kd7 44. Rc5 Ke6 45. Rc3 Kd7 46. Rc5
Ke6 47. Rc3 Kd7 1/2-1/2

[Event "37. Open Barberá del Vallés 2014"]
[Site "Barberá del Vallés ESP"]
[Date "2014.07.08"]
[Round "5.25"]
[White "Martinez Pla, Xavier"]
[Black "Canal Oliveras, Joan"]
[Result "0-1"]
[WhiteElo "1881"]
[BlackElo "2250"]
[PlyCount "38"]
[EventDate "2014.07.04"]
[EventType "swiss"]
[EventRounds "9"]
[EventCountry "ESP"]
[Source "lmi"]
[SourceDate "2014.07.04"]

1. Nf3 Nc6 2. d4 d5 3. c4 e5 4. cxd5 Qxd5 5. dxe5 Qxd1+ 6. Kxd1 Bg4 7. Bd2
O-O-O 8. Nc3 Bb4 9. Kc1 Nge7 10. e3 Bxf3 11. gxf3 Nxe5 12. Be2 Nd3+ 13. Bxd3
Rxd3 14. Kc2 Rhd8 15. Rad1 Ng6 16. Ne4 Bxd2 17. Rxd2 Rxd2+ 18. Nxd2 Nh4 19. Kd1
Nxf3 0-1

[Event "37. Open Barberá del Vallés 2014"]
[Site "Barberá del Vallés ESP"]
[Date "2014.07.08"]
[Round "5.26"]
[White "Tadevosyan, Galust"]
[Black "Herrera Reyes, Jose Antonio"]
[Result "0-1"]
[WhiteElo "1843"]
[BlackElo "2239"]
[PlyCount "96"]
[EventDate "2014.07.04"]
[EventType "swiss"]
[EventRounds "9"]
[EventCountry "ESP"]
[Source "lmi"]
[SourceDate "2014.07.04"]

1. e4 c5 2. Nf3 e6 3. d4 cxd4 4. Nxd4 a6 5. Bd3 Nf6 6. O-O Qc7 7. Qe2 d6 8. Be3
Be7 9. Nc3 O-O 10. f4 b5 11. a3 Bb7 12. g4 Nc6 13. g5 Nd7 14. Rf3 Nxd4 15. Bxd4
e5 16. Be3 exf4 17. Bxf4 Ne5 18. Bxe5 Qc5+ 19. Qe3 Qxe3+ 20. Rxe3 dxe5 21. Rg3
Bc5+ 22. Kg2 Rfd8 23. Re1 Rd6 24. Nd5 Bxd5 25. exd5 Rxd5 26. Rh3 g6 27. Re4
Rad8 28. a4 b4 29. b3 a5 30. Rf3 R8d7 31. h4 h5 32. Rf6 Be7 33. Rb6 Kg7 34. Re2
Bd8 35. Rc6 Rd4 36. Re4 f6 37. Ra6 f5 38. Rxe5 Rxh4 39. Be2 Re4 40. Rxe4 fxe4
41. Re6 Rd2 42. Rxe4 Rxc2 43. Kf1 Rc5 44. Re8 Bxg5 45. Ra8 h4 46. Ra6 h3 47.
Kg1 Be3+ 48. Kh1 Rc1+ 0-1

[Event "37. Open Barberá del Vallés 2014"]
[Site "Barberá del Vallés ESP"]
[Date "2014.07.08"]
[Round "5.27"]
[White "Soto Balastegui, Victor"]
[Black "Dalo, Hermes"]
[Result "0-1"]
[WhiteElo "1962"]
[BlackElo "2226"]
[PlyCount "86"]
[EventDate "2014.07.04"]
[EventType "swiss"]
[EventRounds "9"]
[EventCountry "ESP"]
[Source "lmi"]
[SourceDate "2014.07.04"]

1. d3 Nf6 2. g3 g6 3. Bg2 Bg7 4. e4 d6 5. f4 c5 6. Nf3 Nc6 7. O-O O-O 8. c3 Bg4
9. h3 Bxf3 10. Bxf3 e5 11. Qe2 Re8 12. f5 gxf5 13. Bg5 h6 14. Bh4 f4 15. Bg4
Ne7 16. Bxf6 Bxf6 17. gxf4 Ng6 18. fxe5 dxe5 19. Qf3 Nf4 20. Rd1 Qb6 21. Kh1
Qxb2 22. Nd2 Qxc3 23. Nb3 b6 24. Bd7 Re7 25. Rd2 c4 26. Rc1 Qb4 27. dxc4 Kh8
28. Rg1 Rd8 29. Qg4 Qc3 30. Rg3 Qb4 31. Bf5 Rf8 32. Qd1 Ree8 33. Rd6 Rd8 34.
Bd7 Ne6 35. Rgd3 Be7 36. Qc1 Kh7 37. R6d5 Bg5 38. Qf1 Nf4 39. Rb5 Qxc4 40. Rf3
Qxf1+ 41. Rxf1 Rxd7 42. Rxe5 Nxh3 43. Kh2 Bf4+ 0-1

[Event "37. Open Barberá del Vallés 2014"]
[Site "Barberá del Vallés ESP"]
[Date "2014.07.08"]
[Round "5.28"]
[White "Garriga Cazorla, Pere"]
[Black "Garcia Ramos, Daniel"]
[Result "1-0"]
[WhiteElo "2222"]
[BlackElo "1975"]
[PlyCount "111"]
[EventDate "2014.07.04"]
[EventType "swiss"]
[EventRounds "9"]
[EventCountry "ESP"]
[Source "lmi"]
[SourceDate "2014.07.04"]

1. Nf3 d5 2. g3 c6 3. Bg2 Bg4 4. Ne5 Bh5 5. d4 Nd7 6. Nd3 e6 7. O-O Bd6 8. Nd2
Ngf6 9. c4 O-O 10. Re1 Bg6 11. Qb3 Qb6 12. c5 Qxb3 13. axb3 Bc7 14. f4 Bxd3 15.
exd3 b6 16. b4 a5 17. bxa5 bxc5 18. b4 cxb4 19. Nb3 Bd6 20. Be3 Rfc8 21. Nc5
Ra7 22. Ra4 Rca8 23. Nb3 h6 24. Rc1 Ra6 25. Bf3 Rb8 26. Ra2 Bc7 27. Kg2 Rba8
28. g4 Ne8 29. Bd2 Bd6 30. Rac2 Nb8 31. Ra1 Nd7 32. Rac1 Nb8 33. Ra2 Nd7 34.
Ra4 Nb6 35. Raa1 Nd7 36. h4 Bc7 37. Rc2 Bd6 38. h5 Kh7 39. g5 Rc8 40. Rac1 Be7
41. Bg4 Nf8 42. Re1 hxg5 43. fxg5 Nc7 44. Rf1 f5 45. gxf6 Bxf6 46. h6 Nb5 47.
hxg7 Bxg7 48. Bxb4 Re8 49. Kg3 Ra7 50. Rcf2 Ng6 51. Rh2+ Kg8 52. Bh5 Kh7 53.
Bc5 Rd7 54. Kg2 Nd6 55. Kh1 Nf5 56. Rg1 1-0

[Event "37. Open Barberá del Vallés 2014"]
[Site "Barberá del Vallés ESP"]
[Date "2014.07.08"]
[Round "5.29"]
[White "Ryan, Joseph"]
[Black "Basas Gamazo, Josep"]
[Result "1-0"]
[WhiteElo "2285"]
[BlackElo "2001"]
[PlyCount "79"]
[EventDate "2014.07.04"]
[EventType "swiss"]
[EventRounds "9"]
[EventCountry "ESP"]
[Source "lmi"]
[SourceDate "2014.07.04"]

1. e4 c5 2. Nf3 d6 3. Bb5+ Nc6 4. d4 cxd4 5. Qxd4 Bd7 6. Bxc6 Bxc6 7. c4 Nf6 8.
Nc3 g6 9. O-O Bg7 10. Qd3 O-O 11. Nd4 Ng4 12. b3 Ne5 13. Qd2 Qb6 14. Rd1 a5 15.
a4 Nd7 16. Rb1 Nc5 17. Qe3 Rac8 18. f3 Na6 19. Qf2 Nc5 20. Be3 Qc7 21. Qd2 Qd7
22. Nde2 b6 23. Nf4 Qb7 24. Nfd5 Rfd8 25. Bg5 Rd7 26. Bh6 e5 27. h4 Rf8 28. h5
f6 29. Be3 f5 30. exf5 gxf5 31. h6 Bf6 32. Qf2 f4 33. Bxc5 bxc5 34. Ne4 Bxd5
35. Rxd5 Be7 36. Rbd1 Rc7 37. Qc2 Rb8 38. Nxd6 Qxb3 39. Qf5 Qb6 40. Qf7+ 1-0

[Event "37. Open Barberá del Vallés 2014"]
[Site "Barberá del Vallés ESP"]
[Date "2014.07.08"]
[Round "5.30"]
[White "Andersen, Alf R"]
[Black "Messina, Roberta"]
[Result "1/2-1/2"]
[WhiteElo "2214"]
[BlackElo "2057"]
[PlyCount "77"]
[EventDate "2014.07.04"]
[EventType "swiss"]
[EventRounds "9"]
[EventCountry "ESP"]
[Source "lmi"]
[SourceDate "2014.07.04"]

1. e4 c6 2. d4 d5 3. Nc3 dxe4 4. Nxe4 h6 5. Bc4 Bf5 6. Ng3 Bh7 7. Nf3 e6 8. O-O
Nf6 9. Ne5 Nbd7 10. Qe2 Nd5 11. Bb3 Nxe5 12. dxe5 Qc7 13. c4 Nb4 14. Rd1 c5 15.
Nh5 Rd8 16. Ba4+ Nc6 17. Bf4 Bg6 18. Rxd8+ Kxd8 19. Bxc6 Qxc6 20. Bg3 Kc8 21.
Rd1 Bxh5 22. Qxh5 g6 23. Qh4 Qe8 24. Qe4 Be7 25. h3 Qa4 26. Qf3 Rf8 27. b3 Qxa2
28. Kh2 Qc2 29. Rd7 Kxd7 30. Qxb7+ Kd8 31. Qb8+ Kd7 32. Qxa7+ Kd8 33. Qa8+ Kd7
34. Qb7+ Kd8 35. Qb6+ Kd7 36. Qb7+ Kd8 37. Qb8+ Kd7 38. Qb7+ Kd8 39. Qb8+
1/2-1/2

[Event "37. Open Barberá del Vallés 2014"]
[Site "Barberá del Vallés ESP"]
[Date "2014.07.08"]
[Round "5.31"]
[White "Masferrer Niubo, Enric"]
[Black "Rojano Alfonso, Carlos"]
[Result "0-1"]
[WhiteElo "1996"]
[BlackElo "2213"]
[PlyCount "88"]
[EventDate "2014.07.04"]
[EventType "swiss"]
[EventRounds "9"]
[EventCountry "ESP"]
[Source "lmi"]
[SourceDate "2014.07.04"]

1. e4 Nc6 2. Nf3 e6 3. d4 d5 4. e5 f6 5. Bb5 Bd7 6. Qe2 Qe7 7. O-O O-O-O 8. Re1
Re8 9. b3 Nb8 10. Ba3 Bxb5 11. Qxb5 Qd7 12. Qxd7+ Kxd7 13. Bxf8 Rxf8 14. c4 c6
15. Nc3 Ne7 16. c5 Na6 17. a3 Ng6 18. b4 Nc7 19. g3 fxe5 20. Nxe5+ Nxe5 21.
Rxe5 Rf3 22. Re3 Rhf8 23. Rf1 e5 24. Kg2 e4 25. a4 Ne6 26. Ne2 b6 27. Ng1 Rxe3
28. fxe3 Rxf1 29. Kxf1 Kc7 30. Ke2 a5 31. cxb6+ Kxb6 32. bxa5+ Kxa5 33. Kd2
Kxa4 34. Kc3 Ng5 35. h4 Nf7 36. Nh3 Nd6 37. g4 Nc4 38. g5 Nxe3 39. Nf4 Nf5 40.
h5 Kb5 41. Ne6 Kb6 42. Nxg7 Nxg7 43. h6 Ne8 44. g6 Nf6 0-1